Statistics for Premier League Factfile: 2021/22

Click here to take the quiz!

General Stats

  • This quiz has been taken 75 times
  • The average score is 61 of 119

Answer Stats

Answer% Correct
Arsenal
96%
Manchester City
91%
Manchester United
91%
Chelsea
89%
Everton
89%
Burnley
87%
Liverpool
87%
West Ham United
87%
Aston Villa
84%
Brighton
84%
Crystal Palace
84%
Mikel Arteta
84%
Leicester City
82%
Thomas Tuchel
82%
Tottenham Hotspur
82%
Emirates
80%
Emirates Stadium
80%
Jürgen Klopp
80%
Newcastle
80%
Wolverhampton Wanderers
80%
Brentford
78%
Leeds United
78%
Watford
78%
Pierre-Emerick Aubameyang
73%
Southampton
73%
Norwich City
71%
Old Trafford
71%
Pep Guardiola
71%
Anfield
69%
Brendan Rodgers
69%
David Moyes
69%
Harry Maguire
69%
Jordan Henderson
69%
Ole Gunnar Solskjær
69%
Rafa Benítez
69%
Sean Dyche
69%
London Stadium
67%
Marcelo Bielsa
67%
Stamford Bridge
67%
Goodison Park
64%
Hugo Lloris
64%
Patrick Vieira
64%
Romelu Lukaku
64%
Etihad Airways
62%
Etihad Stadium
62%
Graham Potter
62%
Nuno Espírito Santo
62%
César Azpilicueta
60%
Dean Smith
60%
Villa Park
60%
Ben White
58%
Jack Grealish
58%
Steve Bruce
58%
Jadon Sancho
56%
Kasper Schmeichel
56%
Turf Moor
56%
American Express
53%
Amex Stadium
53%
Fernandinho
53%
King Power Stadium
53%
Mark Noble
53%
Seamus Coleman
53%
Thomas Frank
53%
Three
53%
Ben Mee
51%
Selhurst Park
51%
St. James' Park
51%
Tyrone Mings
51%
Conor Coady
49%
St. Mary's Stadium
49%
Tottenham Hotspur Stadium
49%
Ralph Hasenhüttl
47%
Vicarage Road
47%
Daniel Farke
44%
Elland Road
44%
Lewis Dunk
44%
Molineux Stadium
44%
Ibrahima Konaté
42%
Jamaal Lascelles
42%
Brentford Community Stadium
40%
Bruno Lage
40%
Standard Chartered
40%
Carrow Road
38%
Pontus Jansson
38%
Team Viewer
38%
Emiliano Buendía
36%
James Ward-Prowse
36%
Liam Cooper
36%
Xisco Muñoz
36%
Luka Milivojevic
33%
Maxwel Cornet
31%
AIA
29%
Grant Hanley
29%
Demarai Gray
24%
Patson Daka
24%
Cazoo
22%
Enock Mwepu
22%
Marc Guéhi
22%
Betway
20%
Hollywood Bets
20%
Kristoffer Ajer
20%
Milot Rashica
20%
Bryan Gil
18%
Daniel James
18%
Kurt Zouma
18%
Adam Armstrong
13%
Fun88
13%
Joe Willock
13%
FBS
9%
Lotus Cars
9%
SBOTOP
9%
Spreadex Sports
9%
W88
9%
ManBetX
7%
Rayan Aït-Nouri
4%
Sportsbet.io
4%
Stake.com
4%
Imrân Louza
2%

Score Distribution

Percentile by Number Answered

Percent of People with Each Score

Your Score History

You have not taken this quiz